| 000 | 00820nam a2200265 a 4500 | ||
|---|---|---|---|
| 001 | 000717800 | ||
| 003 | AM-YeHGA | ||
| 005 | 20250617142847.0 | ||
| 008 | 100302s1995 nju r 000 0 eng d | ||
| 020 | _a0896033112 | ||
| 040 | _aAM-YeHGA | ||
| 041 | 0 | _aeng | |
| 245 | 0 | 0 |
_aPatch-clamp applications and protocols / _cEd. by Alan A. Boulton, Glen B. Baker, and Wolfgang Walz. |
| 260 |
_aTotowa, N.J. : _bHumana Press, _c1995. |
||
| 300 |
_axvi, 316 p. : _bill. |
||
| 490 | 1 |
_aNeuromethods / Eds.: Alan A. Boulton and Glen B. Baker _x0893-2336 ; _v26 |
|
| 650 | 1 | 4 |
_aElectrophysiology _xmethods. |
| 650 | 1 | 4 | _aPatch-Clamp Techniques |
| 700 | 1 |
_aBoulton, Alan A. _4edt |
|
| 700 | 1 |
_aBaker, Glen B. _4edt |
|
| 700 | 1 |
_aWalz, Wolfgang _4edt |
|
| 830 | 0 |
_aNeuromethods _v26 |
|
| 942 |
_2udc _cBK |
||
| 090 | _c266867 | ||
| 999 |
_c265235 _d265235 |
||